000
00301nam a22001337a 4500
008
181226b xxu||||| |||| 00| 0 eng d
020
_a
9781559345514
041
_a
eng
080
_a
316
100
_a
50
101
_a
SOC
245
_a
Mapping the Social Landscape
_c
Ferguson, S.J
942
_2
udc
_c
BK
999
_c
53776
_d
53776